000 00275nam a2200121Ia 4500
008 190216s9999||||xx |||||||||||||| ||und||
100 _aErech Bharuchs
245 0 _aText Book Of Environmental Studies
260 _bUgc
300 _a276
650 _aMathematics
942 _cBK
999 _c1646
_d1646